Countries Avoided by The Amazing Race Quiz Stats

 Plays Quiz Updated Apr 11, 2016

Also try: Survivor Locations
Challenge
Share
Tweet
Embed
Score 0/17 Timer 05:00
4 Plays Today
% Correct
North Korea
87.7%
Iraq
85.2%
Iran
83.6%
Democratic Republic of the Congo
79.8%
Cuba
78.9%
Somalia
75.7%
Pakistan
71.4%
Yemen
71.2%
Haiti
66.6%
% Correct
Saudi Arabia
59.9%
Angola
54.3%
Israel
53.4%
Serbia
46.7%
Moldova
45.2%
Venezuela
42.2%
Honduras
37.3%
Fiji
33.1%

You're not logged in!

Compare scores with friends on all Sporcle quizzes.
Join for Free
OR
Log In

You Might Also Like...

Show Comments

Extras

Top Quizzes Today


Score Distribution

Your Account Isn't Verified!

In order to create a playlist on Sporcle, you need to verify the email address you used during registration. Go to your Sporcle Settings to finish the process.

Report this User

Report this user for behavior that violates our Community Guidelines.

Details: